004830000a2200145000450024501160000065000200011665000130013665000170014965300370016604100130020370000220021670000210023810000260025977300520028510aMicroscopic and immunohistologic anatomy of the endocrine pancreas of pygmy and dwarf sperm whales ()14aMicrobiología14aBallenas14aHistología fKogiidaegKogiaeKogia breviceps0 aInglés1 aReynolds, John E.1 aBossart, Gregory1 aDellner Brown, Eileen1 tMarine Mammal Science3156h4q291-296d1988g4